Bezpečnostné riziká Schengenského priestoru
Vstup Slovenska do schengenského priestoru. Riziká začlenenia do schengenského priestoru. Identifikácia úloh na elimináciu bezpečnostných rizík pre Slovensko. Organizácia bezpečnostnej ochrany letiska.
Na minha lista:
| Autor principal: | |
|---|---|
| Outros Autores: | , , |
| Formato: | Capítulo de Livro |
| Idioma: | eslovaco |
| Assuntos: | |
| Tags: |
Sem tags, seja o primeiro a adicionar uma tag!
|
MARC
| LEADER | 00000naa$a2200000$$$4500 | ||
|---|---|---|---|
| 001 | 0111627 | ||
| 005 | 20231113113753.9 | ||
| 041 | 0 | |a slo | |
| 044 | |a SK | ||
| 245 | 1 | 0 | |a Bezpečnostné riziká Schengenského priestoru |c Marianna Mochnáčová, Jozef Maliňák, Jana Juríková, Milan Majerník |
| 520 | |a Vstup Slovenska do schengenského priestoru. Riziká začlenenia do schengenského priestoru. Identifikácia úloh na elimináciu bezpečnostných rizík pre Slovensko. Organizácia bezpečnostnej ochrany letiska. | ||
| 610 | 2 | 0 | |a riziko bezpečnostné |
| 610 | 2 | 0 | |a Európska únia |
| 610 | 2 | 0 | |a hranice štátne |
| 610 | 2 | 0 | |a politika bezpečnostná |
| 610 | 2 | 0 | |a Slovensko |
| 100 | 1 | |a Mochnáčová, Marianna | |
| 700 | 1 | |a Maliňák, Jozef | |
| 700 | 1 | |a Juríková, Jana | |
| 700 | 1 | |a Majerník, Milan | |